| 000 | 00801cab a2200265 4500 | ||
|---|---|---|---|
| 001 | X3804 | ||
| 008 | 090401t1996 xxu||||| |||| 00| 0 eng d | ||
| 035 | _a(Sirsi) u32967 | ||
| 041 | _aeng | ||
| 245 | _aCoal Mining Subsidence Act 1991: compensation | ||
| 260 | _c1996 | ||
| 350 | _a0 | ||
| 490 |
_aCSM (Chartered Surveyor Monthly) _v6(2) October 1996, 20(1) |
||
| 520 | _aLooks at subsidence claims under the CMS Act 1991 with scale of surveyor`s fees adopted by the Coal Authority. | ||
| 650 | _aCOAL MINING SUBSIDENCE ACT 1991 | ||
| 650 | _aFEE SCALES | ||
| 650 | _aMINES | ||
| 650 | _aSCALE OF FEES | ||
| 650 | _aSUBSIDENCE | ||
| 650 | _aSUSIDENCE CLAIMS | ||
| 690 | _aCOMPULSORY PURCHASE AND COMPENSATION | ||
| 690 | _aMINING AND MINERALS | ||
| 942 | _n0 | ||
| 948 | _c04/03/1997 | ||
| 999 |
_c22030 _d22030 |
||